Score 0/45 Timer 04:00
0 Plays Today
% Correct
Boston Marathon
95.1%
Eyes Wide Shut
92.7%
Masters Tournament
91.9%
Lime
91.5%
Daytona 500
91.5%
Emerald
91.4%
Cool Hand Luke
90.8%
Kayak
89.6%
Focus
89.4%
Fiesta
89.2%
Radar
89.1%
Olive
88.6%
Amundsen Glacier
88%
Beth
88%
Mustang
88%
Better Call Saul
87.9%
Xenon
87.8%
Shackleton Ice Shelf
87.8%
Jane The Virgin
87.6%
Meg
87.4%
Ross Ice Shelf
87.4%
Arctic Monkeys
87.2%
Jo
87%
% Correct
Krypton
86.5%
Deified
86.2%
Malcolm Turnbull
85.3%
Captain Marvel
85.1%
Tony Abbott
85%
Motley Crue
84.8%
Grand Theft Auto
84.4%
Nil By Mouth
84.3%
Julia Gillard
83.8%
Spider-Man
83.7%
Iron Man
83.6%
Paul VI
82.4%
Candy Crush Saga
82.4%
John XXIII
82.1%
Pius XI
81.9%
Grateful Dead
81.8%
Independence Day
81.5%
Thanksgiving Day
81.5%
Veterans Day
80.9%
Minecraft
79.4%
Oganesson
78.4%
Killing Eve
76.6%
Remove Ads.
Support Sporcle.
Get the best of Sporcle when you Go Orange. This ad-free experience offers more features, more stats, and more fun while also helping to support Sporcle. Thank you for becoming a member.

You're not logged in!

Compare scores with friends on all Sporcle quizzes.
OR
Log In

Show Comments

Extras

Top Quizzes Today


Score Distribution

Your Account Isn't Verified!

In order to create a playlist on Sporcle, you need to verify the email address you used during registration. Go to your Sporcle Settings to finish the process.

Report this User

Report this user for behavior that violates our Community Guidelines.

Details: